000 00318nam a22001217a 4500
005 20240705163143.0
008 240705b |||||||| |||| 00| 0 eng d
041 _aeng
100 _aDR,SHARMA, HARISHANKAR
_98446
245 _aPARYAVARAN ADDHYAYAN VIDYALAYEEN PATHYAKARAM [ KAKSHA 1-12]
300 _a168;P
942 _cBK
999 _c8556
_d8554